000 00380nam a2200157 a 4500
001 6596
005 20180713190451.0
008 140415s1990 000 0 spa d
041 _aspa
082 _a863
_bMAR
100 1 _aMARTIN DEL CAMPO, DAVID
245 1 0 _aALAS DE ANGEL
260 _a[s.l.] :
_bDIANA,
_c1990
300 _a288
650 1 4 _aNOVELA MEXICANA
999 _c6596
_d6596